000 00597nam a2200181Ia 4500
999 _c21861
_d21861
003 OSt
005 20200515090730.0
008 190216s9999||||xx |||||||||||||| ||und||
020 _a9788130923635
040 _coclc
082 _a297.122521
_bKID/W
100 _a Kidwai, Abdur Raheem
_92249
245 0 _aWhat Is In The Quran Message Of The Quran In Simple English /
_cAbdur Raheem Kidwai
260 _bViva Book,
_c2014.
_aNew Delhi:
300 _a415p
650 0 _aHistory & geography
_vIslamic History
_92271
942 _cBK
_2ddc
_h297.122521
_iKID/W
_k297.122521
_mKID/W